Plant Breeding / (Record no. 73543)
[ view plain ]
| 000 -LEADER | |
|---|---|
| fixed length control field | 00867nam a2200277 a 4500 |
| 001 - CONTROL NUMBER | |
| control field | 73543 |
| 003 - CONTROL NUMBER IDENTIFIER | |
| rucl marc code | BD-RJUL |
| 005 - DATE AND TIME OF LATEST TRANSACTION | |
| control field | 20211209082417.0 |
| 008 - FIXED-LENGTH DATA ELEMENTS--GENERAL INFORMATION | |
| fixed length control field | 170603s1977 enkaf b 000 0 eng d |
| 020 ## - INTERNATIONAL STANDARD BOOK NUMBER | |
| International Standard Book Number | 0713122048 |
| International Standard Book Number | 0713122056 (pbk.) |
| 035 ## - SYSTEM CONTROL NUMBER | |
| System control number | (BD-RJUL) 73761 |
| 040 ## - CATALOGING SOURCE | |
| Original cataloging agency | BD-RjUL |
| Language of cataloging | eng |
| Transcribing agency | BD-RjUL |
| Modifying agency | BD-RjUL |
| 041 ## - LANGUAGE CODE | |
| Language code of text/sound track or separate title | eng |
| 082 ## - DEWEY DECIMAL CLASSIFICATION NUMBER | |
| Edition number | 23 |
| Classification number | 631.52 |
| Author mark and year | LAP 1977 |
| 100 1# - MAIN ENTRY--PERSONAL NAME | |
| Personal name | Lawrence, William John Cooper |
| 9 (RLIN) | 217608 |
| 245 10 - TITLE STATEMENT | |
| Title | Plant Breeding / |
| Statement of responsibility, etc. | by William J. C. Lawrence |
| 260 ## - PUBLICATION, DISTRIBUTION, ETC. (IMPRINT) | |
| Place of publication, distribution, etc. | London : |
| Name of publisher, distributor, etc. | Edward Arnold, |
| Date of publication, distribution, etc. | 1968 [Reprinted 1977]. |
| 300 ## - PHYSICAL DESCRIPTION | |
| Pagination | 56 p. : |
| Illustrations | ill. ; |
| Size | 22 cm |
| 490 ## - SERIES STATEMENT | |
| Series statement | Institute of Biology's studies in biology ; |
| Volume/sequential designation | no. 12 |
| 504 ## - BIBLIOGRAPHY, ETC. NOTE | |
| Bibliography, etc | Bibliography: p. [57]-[58] |
| 650 #0 - SUBJECT ADDED ENTRY--TOPICAL TERM | |
| Topical term or geographic name as entry element | Plant breeding |
| 9 (RLIN) | 217609 |
| 830 #0 - SERIES ADDED ENTRY--UNIFORM TITLE | |
| Uniform title | Institute of Biology's studies in biology ; |
| Volume number/sequential designation | no. 12 |
| 942 ## - ADDED ENTRY ELEMENTS (KOHA) | |
| Source of classification or shelving scheme | Dewey Decimal Classification |
| Koha item type | Books |
| Lost status | Source of classification or shelving scheme | Damaged status | Not for loan | Collection code | Permanent Location | Current Location | Shelving location | Date acquired | Source of acquisition | Cost, normal purchase price | Total Checkouts | Full call number | Date last seen | Copy number | Koha item type |
|---|---|---|---|---|---|---|---|---|---|---|---|---|---|---|---|
| Dewey Decimal Classification | Not For Loan | Non-fiction | Central Library, University of Rajshahi | Central Library, University of Rajshahi | Reading Room | 12/05/1983 | Heffer and Sons | 1.70 | 631.52 LAP 1977 | 03/06/2017 | C-1 | Books |